| 000 | 00350nam a2200133Ia 4500 | ||
|---|---|---|---|
| 008 | 240624s9999 xx 000 0 und d | ||
| 041 | _aeng | ||
| 082 | _a658.4012 GAL | ||
| 100 | _aGALBRAITH JAY R | ||
| 245 | _aDESIGNING ORGANIZATIONS STRATEGY STRUCTU | ||
| 260 |
_c2014 _aSan Francisco _bJossey-Bass |
||
| 300 | _a327 : p. : cm. ; 28 | ||
| 365 | _cRS | ||
| 999 |
_c27675 _d27675 |
||